Dawr al-aḥzāb fī al-tanmiyah al-siyāsīyah /
Saved in:
| Corporate Author: | |
|---|---|
| Other Authors: | , , , |
| Format: | Book |
| Language: | Arabic |
| Published: |
ʻAmmān, al-Urdun :
Markaz al-Riyādah lil-Maʻlūmāt wa-al-Dirāsāt,
1997.
|
| Subjects: | |
| Tags: |
Add Tag
No Tags, Be the first to tag this record!
|
| LEADER | 01094nam a2200289 a 4500 | ||
|---|---|---|---|
| 001 | 007764794-7 | ||
| 005 | 20020606104010.5 | ||
| 008 | 971114s1997 jo b 000|0 ara d | ||
| 035 | 0 | |a ocm42036957 | |
| 043 | |a a-jo--- | ||
| 245 | 0 | 0 | |a Dawr al-aḥzāb fī al-tanmiyah al-siyāsīyah / |c muʾallif jamāʻī Aḥmad Saʻīd Nawfal ... [et al.] ; iʻdād wa-taqdīm Niẓām ʻUssāf ; taḥrīr Firās Ayyūb, Farḥān al-Lūzī. |
| 260 | |a ʻAmmān, al-Urdun : |b Markaz al-Riyādah lil-Maʻlūmāt wa-al-Dirāsāt, |c 1997. | ||
| 300 | |a 189 p. ; |c 20 cm. | ||
| 504 | |a Includes bibliographical references. | ||
| 650 | 0 | |a Political parties |z Jordan. | |
| 650 | 0 | |a Civil society |z Jordan. | |
| 650 | 0 | |a Democracy |z Jordan. | |
| 650 | 0 | |a Political participation |z Jordan. | |
| 651 | 0 | |a Jordan |x Politics and government. | |
| 710 | 2 | |a Markaz al-Riyādah lil-Maʻlūmāt wa-al-Dirāsāt (Amman, Jordan) | |
| 700 | 1 | |a Nawfal, Aḥmad Saʻīd. | |
| 700 | 1 | |a ʻUssāf, Niẓām. | |
| 700 | 1 | |a Ayyūb, Firās. | |
| 700 | 1 | |a Lūzī, Farḥān. | |
| 752 | |a Jordan |d Amman. | ||
| 988 | |a 20020608 | ||
| 906 | |0 MH | ||


